[Event "ARG-chT"]
[Site "Villa Martelli"]
[Date "2018.07.07"]
[Round "1.1"]
[White "Fulgenzi, Ernesto"]
[Black "Pichot, Alan"]
[Result "1-0"]
[WhiteElo "2344"]
[BlackElo "2564"]
[PlyCount "75"]
[EventDate "2018.07.07"]
[EventType "team-swiss"]
[EventRounds "9"]
[EventCountry "ARG"]
[SourceTitle "CBM 187 Extra"]
[Source "ChessBase"]
[SourceDate "2018.11.04"]
[SourceVersion "1"]
[SourceVersionDate "2018.11.04"]
[SourceQuality "1"]
[WhiteTeam "Tacticos y Estrategas"]
[BlackTeam "Obras AySa"]
[WhiteTeamCountry "ARG"]
[BlackTeamCountry "ARG"]

1. e4 c5 2. Nf3 d6 3. d4 cxd4 4. Nxd4 Nf6 5. Nc3 Nc6 6. Be2 e5 7. Nb3 Be7 8. 0-0 0-0 9. Be3 a5 10. a4 Be6 11. f4 exf4 12. Bxf4 Rc8 13. Kh1 Ne5 14. Nd4 Qb6 15. Ndb5 Nc4 16. Qe1 Qc5 17. Bxc4 Bxc4 18. Rf2 Rfe8 19. Rd2 Bxb5 20. Nxb5 Qb4 21. Bxd6 Qxb2 22. c4 Qb3 23. e5 Ng4 24. Bxe7 Rxe7 25. Qh4 Rxe5 26. Qxg4 Rce8 27. h3 h5 28. Qh4 Qb4 29. Rd7 Re4 30. Qxh5 Qxc4 31. Kh2 Re1 32. Rd4 Qf1 33. Rxe1 Qxe1 34. Rd7 Qe6 35. Qd5 Qf6 36. Qd4 Qg5 37. Nd6 Re2 38. Qg4 1-0

[Event "ARG-chT"]
[Site "Villa Martelli"]
[Date "2017.09.23"]
[Round "8.1"]
[White "Filgueira, Hernan"]
[Black "Fulgenzi, Ernesto"]
[Result "1/2-1/2"]
[WhiteElo "2307"]
[BlackElo "2330"]
[PlyCount "27"]
[EventDate "2017.08.05"]
[EventType "team-swiss"]
[EventRounds "9"]
[EventCountry "ARG"]
[SourceTitle "EXT 2018"]
[Source "ChessBase"]
[SourceDate "2017.10.13"]
[SourceVersion "1"]
[SourceVersionDate "2017.10.13"]
[SourceQuality "1"]
[WhiteTeam "Club Argentino"]
[BlackTeam "Tacticos y Estrategas"]
[WhiteTeamCountry "ARG"]
[BlackTeamCountry "ARG"]

1. d4 d5 2. Nc3 Nf6 3. Bf4 g6 4. e3 Bg7 5. Nf3 b6 6. Bb5+ c6 7. Be2 Bb7 8. Ne5 Nfd7 9. h4 Nxe5 10. Bxe5 Bxe5 11. dxe5 Qc7 12. Qd4 e6 13. e4 a6 14. exd5 1/2-1/2

[Event "ARG-chT"]
[Site "Villa Martelli"]
[Date "2016.10.15"]
[Round "4.5"]
[White "Fulgenzi, Ernesto"]
[Black "Paveto, Kevin"]
[Result "1/2-1/2"]
[WhiteElo "2324"]
[BlackElo "2434"]
[PlyCount "71"]
[EventDate "2016.09.24"]
[EventType "team-swiss"]
[EventRounds "9"]
[EventCountry "ARG"]
[SourceTitle "EXT 2018"]
[Source "ChessBase"]
[SourceDate "2017.10.13"]
[SourceVersion "1"]
[SourceVersionDate "2017.10.13"]
[SourceQuality "1"]
[WhiteTeam "Tacticos y Estrategas"]
[BlackTeam "Boca Juniors"]
[WhiteTeamCountry "ARG"]
[BlackTeamCountry "ARG"]

1. e4 e5 2. Nf3 Nc6 3. d4 exd4 4. Nxd4 Nf6 5. Nc3 Bb4 6. Nxc6 bxc6 7. Bd3 d6 8. Bg5 h6 9. Bh4 g5 10. Bg3 Nd7 11. h4 Qf6 12. Qd2 g4 13. 0-0 Ne5 14. Qf4 Qxf4 15. Bxf4 Be6 16. Ne2 Bc5 17. h5 a5 18. Ng3 Nxd3 19. cxd3 Bd4 20. Rac1 Kd7 21. b3 a4 22. Be3 Bg7 23. f4 gxf3 24. Rxf3 axb3 25. axb3 Bxb3 26. Nf5 Rh7 27. Nd4 Bxd4 28. Bxd4 Be6 29. Rg3 Ra5 30. Bf6 Rxh5 31. d4 Rb5 32. Rg8 Ba2 33. Rd8+ Ke6 34. Rf1 Rb1 35. Re8+ Kd7 36. Rd8+ 1/2-1/2

[Event "ARG-chT"]
[Site "Villa Martelli"]
[Date "2014.10.11"]
[Round "7.1"]
[White "Paveto, Kevin"]
[Black "Fulgenzi, Ernesto"]
[Result "1-0"]
[WhiteElo "2386"]
[BlackElo "2340"]
[PlyCount "41"]
[EventDate "2014.08.30"]
[EventType "team-tourn"]
[EventRounds "9"]
[EventCountry "ARG"]
[SourceTitle "EXT 2015"]
[Source "ChessBase"]
[SourceDate "2014.11.20"]
[SourceVersion "1"]
[SourceVersionDate "2014.11.20"]
[SourceQuality "1"]
[WhiteTeam "Ushuaia Jaque Mate"]
[BlackTeam "Tacticos y Estrategas"]
[WhiteTeamCountry "ARG"]
[BlackTeamCountry "ARG"]

1. e4 g6 2. d4 Bg7 3. c3 d5 4. Nd2 dxe4 5. Nxe4 Qd5 6. Qf3 Nc6 7. Bd3 e5 8. Qe2 f5 9. Ng3 Nge7 10. dxe5 Nxe5 11. Bc2 Bd7 12. Bf4 Bb5 13. Qd2 Qxg2 14. 0-0-0 0-0 15. Qe3 Nd5 16. Bb3 c6 17. Bxe5 Rae8 18. Qf3 Qxf3 19. Nxf3 Bxe5 20. c4 f4 21. Nf1 1-0

[Event "American Continental 08th"]
[Site "Mar del Plata"]
[Date "2012.10.19"]
[Round "9"]
[White "Fulgenzi, Ernesto"]
[Black "Zuriel, Marisa"]
[Result "1/2-1/2"]
[WhiteElo "2344"]
[BlackElo "2217"]
[PlyCount "127"]
[EventDate "2012.10.12"]
[EventType "swiss"]
[EventRounds "11"]
[EventCountry "ARG"]
[SourceTitle "EXT 2013"]
[Source "ChessBase"]
[SourceDate "2012.11.22"]
[SourceVersion "1"]
[SourceVersionDate "2012.11.22"]
[SourceQuality "1"]

1. e4 c5 2. Nf3 Nc6 3. d4 cxd4 4. Nxd4 e5 5. Nxc6 bxc6 6. Bd3 Nf6 7. 0-0 Bc5 8. Nc3 0-0 9. Bg5 h6 10. Bh4 d6 11. Kh1 g5 12. Bg3 Be6 13. Qd2 Bb6 14. Rad1 Qe7 15. Na4 Bc7 16. f3 Rad8 17. Bf2 Bb8 18. Rfe1 Nh5 19. Be3 Kh8 20. Bf1 Rg8 21. g3 d5 22. Qe2 Nf6 23. Nc5 Bc8 24. b4 dxe4 25. Rxd8 Rxd8 26. fxe4 Ng4 27. Bg1 f5 28. Bh3 h5 29. exf5 Bxf5 30. Bg2 Qe8 31. Rf1 Qg6 32. Be4 Nh6 33. Bxf5 Nxf5 34. Qe4 Rf8 35. g4 Ng3+ 36. hxg3 Qxe4+ 37. Nxe4 Rxf1 38. gxh5 g4 39. Nf2 Rc1 40. Nxg4 Rxc2 41. Nf6 Rxa2 42. g4 Bd6 43. Bh2 Re2 44. g5 Bxb4 45. Ng4 Bd6 46. h6 Kh7 47. Nf6+ Kg6 48. h7 Kg7 49. g6 Rxh2+ 50. Kxh2 e4+ 51. Kg2 Be5 52. Nxe4 Kxg6 53. Kf3 Kxh7 54. Nd2 Kg6 55. Ke4 Bc3 56. Nb3 Kf6 57. Kd3 Be5 58. Na5 c5 59. Kc4 Bc7 60. Nb3 Bb6 61. Nxc5 Ke5 62. Nd7+ Kd6 63. Nxb6 axb6 64. Kb5 1/2-1/2

[Event "American Continental 08th"]
[Site "Mar del Plata"]
[Date "2012.10.16"]
[Round "6"]
[White "Fulgenzi, Ernesto"]
[Black "Mekhitarian, Krikor Sevag"]
[Result "0-1"]
[WhiteElo "2344"]
[BlackElo "2503"]
[PlyCount "114"]
[EventDate "2012.10.12"]
[EventType "swiss"]
[EventRounds "11"]
[EventCountry "ARG"]
[SourceTitle "EXT 2013"]
[Source "ChessBase"]
[SourceDate "2012.11.22"]
[SourceVersion "1"]
[SourceVersionDate "2012.11.22"]
[SourceQuality "1"]

1. Nf3 d5 2. c4 e6 3. b3 Nf6 4. Bb2 Be7 5. e3 0-0 6. d4 c5 7. Bd3 Nc6 8. 0-0 cxd4 9. exd4 Nb4 10. Be2 b6 11. Nbd2 Bb7 12. a3 Nc6 13. Rc1 a5 14. Ne5 Nxe5 15. dxe5 Nd7 16. Bf3 Nc5 17. cxd5 Bxd5 18. Nc4 Bxf3 19. Qxf3 Qd3 20. Rc3 Qxf3 21. Rxf3 b5 22. Nd6 Bxd6 23. exd6 Ne4 24. Rd3 Rfd8 25. Rfd1 Ra6 26. d7 f6 27. f3 Nc5 28. Rc3 Rxd7 29. Rxd7 Nxd7 30. Rc7 Rd6 31. Kf1 a4 32. bxa4 bxa4 33. Ke2 Nb6 34. Ra7 Rd5 35. Bc3 Rb5 36. Bb4 Rg5 37. g4 h5 38. h3 Kh7 39. Ra6 Rb5 40. Ra7 Nd5 41. Bd2 hxg4 42. hxg4 Rb2 43. Kd1 Rb3 44. Rxa4 Rxf3 45. Ra6 e5 46. g5 Kg6 47. gxf6 gxf6 48. a4 Kf5 49. a5 Ke4 50. Kc2 Ra3 51. Kb2 Rd3 52. Kc1 f5 53. Rh6 Ne3 54. a6 f4 55. Bb4 Rd7 56. Kb2 f3 57. Rf6 Nd5 0-1

[Event "ARG-ch sf 83rd"]
[Site "Buenos Aires"]
[Date "2008.07.28"]
[Round "9"]
[White "Fulgenzi, Ernesto"]
[Black "Alonso, Salvador"]
[Result "0-1"]
[WhiteElo "2358"]
[BlackElo "2437"]
[PlyCount "170"]
[EventDate "2008.07.21"]
[EventType "swiss"]
[EventRounds "9"]
[EventCountry "ARG"]
[SourceTitle "CBM 125 Extra"]
[Source "ChessBase"]
[SourceDate "2008.09.01"]
[SourceVersion "1"]
[SourceVersionDate "2008.09.01"]
[SourceQuality "1"]

1. Nf3 Nf6 2. c4 g6 3. b4 Bg7 4. Bb2 0-0 5. e3 d6 6. Be2 e5 7. d3 Re8 8. Qb3 a5 9. a3 e4 10. dxe4 Nxe4 11. Bxg7 Kxg7 12. Ra2 Qf6 13. 0-0 Nc6 14. Rc2 axb4 15. axb4 Bf5 16. Rcc1 Ra7 17. Nc3 Nxc3 18. Rxc3 Rea8 19. b5 Ra3 20. Qxa3 Rxa3 21. Rxa3 Qb2 22. Raa1 Ne5 23. Nd4 Be4 24. Rad1 b6 25. f3 Bb7 26. Rfe1 h5 27. Rb1 Qa3 28. Rb3 Qa5 29. Kf2 Nd7 30. Rbb1 Qa8 31. Ra1 Qd8 32. Kg1 h4 33. Kf2 Nc5 34. Ra3 Qf6 35. Kg1 Qe7 36. Bf1 Qf6 37. h3 Qg5 38. Ra7 Qe7 39. Nb3 Nxb3 40. Rxb7 Nc5 41. Ra7 Kh6 42. Ra2 f5 43. Rd2 Qf6 44. Rd4 Ne6 45. Rdd1 Qc3 46. Rc1 Qa3 47. Rc2 Qc5 48. Kf2 f4 49. Rc3 Kg5 50. Kg1 fxe3 51. Kh1 Nd4 52. f4+ Kxf4 53. Rcxe3 Nf5 54. Rf3+ Kg5 55. Bd3 Nd4 56. Rfe3 Qb4 57. g3 Qd2 58. gxh4+ Kh6 59. Be4 Qf2 60. Bg2 Nf5 61. Re8 Nxh4 62. R1e2 Qf6 63. R8e6 Qg5 64. R6e4 Nf5 65. Rg4 Ng3+ 66. Rxg3 Qxg3 67. Re4 d5 68. cxd5 Qd3 69. Re6 Qxb5 70. Be4 Kg5 71. Rxg6+ Kf4 72. Rg4+ Ke5 73. Bg2 Qb1+ 74. Kh2 b5 75. h4 b4 76. Rg5+ Kf6 77. Rg4 b3 78. Be4 Qc1 79. h5 b2 80. Rg6+ Kf7 81. Rg4 b1Q 82. Bxb1 Qxb1 83. h6 Qf5 84. Rh4 Kg8 85. h7+ Kh8 0-1

[Event "ARG-ch sf 83rd"]
[Site "Buenos Aires"]
[Date "2008.07.26"]
[Round "7"]
[White "Fulgenzi, Ernesto"]
[Black "Restuccia, Francisco"]
[Result "1-0"]
[WhiteElo "2358"]
[BlackElo "2148"]
[PlyCount "111"]
[EventDate "2008.07.21"]
[EventType "swiss"]
[EventRounds "9"]
[EventCountry "ARG"]
[SourceTitle "CBM 125 Extra"]
[Source "ChessBase"]
[SourceDate "2008.09.01"]
[SourceVersion "1"]
[SourceVersionDate "2008.09.01"]
[SourceQuality "1"]

1. e4 c5 2. Nf3 d6 3. g3 a6 4. Bg2 Nc6 5. 0-0 Nf6 6. Nc3 g6 7. d3 Bg7 8. h3 0-0 9. Be3 e5 10. Qd2 Nd4 11. Kh2 Nh5 12. Nd5 Ne6 13. Ng5 h6 14. Nxe6 fxe6 15. Nc3 Nf4 16. f3 Nxg2 17. Kxg2 Kh7 18. Ne2 b6 19. b4 d5 20. bxc5 d4 21. Bf2 bxc5 22. Rfb1 h5 23. c4 Ra7 24. Rb2 Raf7 25. Ng1 Bh6 26. Qe2 g5 27. g4 hxg4 28. hxg4 Kg6 29. Bg3 Bg7 30. Rab1 Bf6 31. Rb8 Qa5 32. Qc2 Rh8 33. Nh3 Rhf8 34. Rh1 Qc7 35. Rbb1 Qa5 36. Rb8 Qc7 37. Rb2 Qe7 38. Ng1 Qc7 39. Rh5 Rh7 40. Rxh7 Qxh7 41. Nh3 Qc7 42. Qb3 Qa5 43. Qd1 Qc3 44. Rb8 Qa5 45. Qe2 Qc7 46. Rb1 Qa5 47. Be1 Qc7 48. Bd2 Qd7 49. Rh1 Qa4 50. Bxg5 Bxg5 51. Nxg5 Kxg5 52. Qd2+ Kf6 53. Rh7 Rf7 54. Qh6+ Ke7 55. Qg5+ Kd6 56. Rxf7 1-0

[Event "ARG-ch sf 82nd"]
[Site "Buenos Aires"]
[Date "2008.04.12"]
[Round "2"]
[White "Fulgenzi, Ernesto"]
[Black "Mareco, Sandro"]
[Result "1/2-1/2"]
[WhiteElo "2315"]
[BlackElo "2470"]
[PlyCount "72"]
[EventDate "2008.04.11"]
[EventType "swiss"]
[EventRounds "9"]
[EventCountry "ARG"]
[SourceTitle "CBM 123 Extra"]
[Source "ChessBase"]
[SourceDate "2008.05.06"]
[SourceVersion "1"]
[SourceVersionDate "2008.05.06"]
[SourceQuality "1"]

1. e4 e5 2. Nf3 Nc6 3. d4 exd4 4. Nxd4 Bc5 5. Be3 Qf6 6. c3 Nge7 7. Bc4 Ne5 8. Be2 Qg6 9. 0-0 d6 10. Nd2 Bh3 11. Bf3 Nxf3+ 12. Qxf3 Bg4 13. Qg3 0-0 14. f3 Bd7 15. Nc2 Qh5 16. Rfe1 Rfe8 17. Nb3 Bb6 18. Rad1 Ng6 19. Rd5 Re5 20. Rxe5 Nxe5 21. Bxb6 axb6 22. Nc1 Nc6 23. Ne3 Be6 24. Qf2 f6 25. Rd1 Qf7 26. b3 Ne7 27. c4 f5 28. Nd5 Ng6 29. a4 fxe4 30. fxe4 Qd7 31. h3 Rf8 32. Qg3 Bxd5 33. exd5 Nf4 34. Kh2 Qf5 35. Rf1 Qe5 36. Rf3 Rf6 1/2-1/2

[Event "LNA Puma Cup"]
[Site "Argentina"]
[Date "2007.09.22"]
[Round "7"]
[White "Alvarez, Roberto Gabriel"]
[Black "Fulgenzi, Ernesto"]
[Result "1/2-1/2"]
[WhiteElo "2097"]
[BlackElo "2290"]
[PlyCount "77"]
[EventDate "2007.08.11"]
[EventType "team"]
[EventRounds "9"]
[EventCountry "ARG"]
[SourceTitle "EXT 2008"]
[Source "ChessBase"]
[SourceDate "2007.11.25"]
[SourceVersion "1"]
[SourceVersionDate "2007.11.25"]
[SourceQuality "1"]

1. Nf3 Nf6 2. c4 e6 3. g3 d5 4. Bg2 Be7 5. d4 0-0 6. 0-0 dxc4 7. Qc2 a6 8. Qxc4 b5 9. Qc2 Bb7 10. Bd2 Be4 11. Qc1 Qc8 12. b4 Nc6 13. Qb2 Rd8 14. Rc1 Bxf3 15. exf3 Nxd4 16. Be3 Nf5 17. Bc5 Bxc5 18. bxc5 c6 19. Nd2 Nd4 20. Nb3 Nxb3 21. axb3 a5 22. f4 Qc7 23. Bf3 Nd5 24. Be4 g6 25. h4 h5 26. Re1 Rd7 27. Re2 Kh7 28. Rae1 Qd8 29. Bb1 Qf6 30. Re5 Kg7 31. Qe2 Ne7 32. Be4 a4 33. bxa4 Rxa4 34. Bxc6 Nxc6 35. Qxb5 Nxe5 36. fxe5 Qe7 37. Qxa4 Rc7 38. Rc1 Rxc5 39. Rxc5 1/2-1/2

[Event "Villa Ballester op 48th"]
[Site "Villa Ballester"]
[Date "1998.??.??"]
[Round "3"]
[White "Rodriguez Vila, Andres"]
[Black "Fulgenzi, Ernesto"]
[Result "1-0"]
[WhiteElo "2475"]
[BlackElo "2295"]
[PlyCount "89"]
[EventDate "1998.??.??"]
[EventType "swiss"]
[EventRounds "9"]
[EventCountry "ARG"]
[SourceTitle "EXT 2001"]
[Source "ChessBase"]
[SourceDate "2000.11.22"]
[SourceVersion "1"]
[SourceVersionDate "2000.11.22"]
[SourceQuality "1"]

1. e4 g6 2. d4 Bg7 3. Nc3 d6 4. h4 Nc6 5. Be3 e5 6. d5 Nd4 7. Nge2 Nxe2 8. Bxe2 f5 9. exf5 gxf5 10. Bb5+ Kf8 11. f3 Ne7 12. Qd2 c5 13. Be2 a6 14. a4 b6 15. g4 Ng6 16. h5 Nf4 17. Bxf4 exf4 18. Qxf4 Qe7 19. gxf5 Be5 20. Qh6+ Qg7 21. Qxg7+ Kxg7 22. h6+ Kf7 23. Bd3 c4 24. Bxc4 Bxf5 25. 0-0-0 Rhc8 26. Bd3 Bxd3 27. Rxd3 Rc4 28. Ne4 Rxa4 29. Kb1 Rg8 30. Rdd1 Rg6 31. Rde1 Bf4 32. Rh5 Bxh6 33. Reh1 Bg7 34. Rxh7 Rd4 35. R7h5 Be5 36. c3 Ra4 37. Re1 Kg8 38. Rf5 Rc4 39. f4 Bg7 40. Ng5 Rc8 41. Re6 Rh6 42. Rxh6 Bxh6 43. Ne6 Rc4 44. Rh5 Kh7 45. f5 1-0

[Event "Villa Ballester op"]
[Site "Villa Ballester"]
[Date "1997.??.??"]
[Round "9"]
[White "Fucek, Claudio"]
[Black "Fulgenzi, Ernesto"]
[Result "1-0"]
[WhiteElo "2250"]
[BlackElo "2295"]
[PlyCount "60"]
[EventDate "1997.??.??"]
[EventType "swiss"]
[EventRounds "9"]
[EventCountry "ARG"]
[SourceTitle "EXT 1998"]
[Source "ChessBase"]
[SourceDate "1997.11.17"]
[SourceVersion "1"]
[SourceVersionDate "1997.11.17"]
[SourceQuality "1"]

1. e4 g6 2. d4 Bg7 3. Nc3 d6 4. h3 Nc6 5. d5 Nd4 6. Nb1 c6 7. c3 Nb5 8. Bxb5 cxb5 9. Qd3 a6 10. Nf3 f5 11. Nbd2 Nf6 12. Nd4 0-0 13. exf5 Nxd5 14. g4 Nf4 15. Qe4 d5 16. Qxf4 e5 17. Qg3 exd4 18. fxg6 dxc3 19. gxh7+ Kh8 20. bxc3 b4 21. 0-0 bxc3 22. Nf3 Qf6 23. Nh4 Kxh7 24. Ba3 Re8 25. Rad1 Be6 26. f4 Bf7 27. Bc5 c2 28. Rc1 Rac8 29. g5 Qc6 30. Rxc2 Bd4+ 1-0

[Event "Villa Ballester Siembra op"]
[Site "Villa Ballester"]
[Date "1996.??.??"]
[Round "6"]
[White "Fulgenzi, Ernesto"]
[Black "Escandell Mari, Juan Carlos"]
[Result "1-0"]
[WhiteElo "2325"]
[BlackElo "2255"]
[PlyCount "67"]
[EventDate "1996.??.??"]
[EventType "swiss"]
[EventRounds "9"]
[EventCountry "ARG"]
[SourceTitle "CBM 051 Extra"]
[Source "ChessBase"]
[SourceDate "1996.05.01"]
[SourceVersion "1"]
[SourceVersionDate "1996.05.01"]
[SourceQuality "1"]

1. Nf3 Nf6 2. c4 g6 3. d4 Bg7 4. Nc3 d5 5. e3 0-0 6. cxd5 Nxd5 7. Bc4 Nb6 8. Bb3 Nc6 9. 0-0 e5 10. Nxe5 Nxe5 11. dxe5 Bxe5 12. e4 Qxd1 13. Rxd1 Re8 14. Be3 Be6 15. Bd4 Bxd4 16. Rxd4 Red8 17. Rad1 Rxd4 18. Rxd4 Bxb3 19. axb3 Kf8 20. f4 Ke7 21. Kf2 h5 22. Ke3 c5 23. Rd1 a6 24. e5 Rd8 25. Rxd8 Kxd8 26. f5 a5 27. fxg6 fxg6 28. Ke4 c4 29. Na4 Nd7 30. bxc4 Ke7 31. Kd5 Nf8 32. Nc5 b6 33. Na4 Nd7 34. h4 1-0

[Event "Buenos Aires tt"]
[Site "Buenos Aires"]
[Date "1996.??.??"]
[Round "3"]
[White "Fulgenzi, Ernesto"]
[Black "Lopez, C."]
[Result "1-0"]
[WhiteElo "2295"]
[BlackElo "2400"]
[PlyCount "73"]
[EventDate "1996.??.??"]
[EventType "team"]
[EventRounds "7"]
[EventCountry "ARG"]
[SourceTitle "EXT 1998"]
[Source "ChessBase"]
[SourceDate "1997.11.17"]
[SourceVersion "1"]
[SourceVersionDate "1997.11.17"]
[SourceQuality "1"]

1. d4 Nf6 2. c4 g6 3. Nc3 Bg7 4. e4 d6 5. Be2 0-0 6. Nf3 e5 7. Be3 Nc6 8. d5 Ne7 9. Nd2 c5 10. g4 a6 11. h4 Rb8 12. a4 b6 13. Nf1 Qd7 14. g5 Ne8 15. Ng3 Nc7 16. h5 b5 17. axb5 axb5 18. cxb5 Na8 19. Ra5 Nb6 20. hxg6 fxg6 21. Kf1 Rb7 22. Kg2 Qc7 23. Ra3 Qd7 24. Qg1 Rf7 25. Qh2 Bh8 26. Rha1 Qc7 27. Qh4 Bd7 28. Nf1 Nec8 29. Nh2 Qd8 30. Ng4 Bxg4 31. Bxg4 h5 32. Be6 Qe7 33. Qh3 Rc7 34. Ra8 Nxa8 35. Rxa8 Kh7 36. Bxf7 Nb6 37. Bxg6+ 1-0

[Event "Villa Ballester Siembra op"]
[Site "Villa Ballester"]
[Date "1996.??.??"]
[Round "9"]
[White "Sanchez, Fernando"]
[Black "Fulgenzi, Ernesto"]
[Result "1-0"]
[WhiteElo "2260"]
[BlackElo "2325"]
[PlyCount "127"]
[EventDate "1996.??.??"]
[EventType "swiss"]
[EventRounds "9"]
[EventCountry "ARG"]
[SourceTitle "CBM 051 Extra"]
[Source "ChessBase"]
[SourceDate "1996.05.01"]
[SourceVersion "1"]
[SourceVersionDate "1996.05.01"]
[SourceQuality "1"]

1. e4 g6 2. d4 Bg7 3. Nc3 c6 4. Be3 d5 5. Nf3 dxe4 6. Nxe4 Bg4 7. Bc4 e6 8. Bf4 b5 9. Bb3 Bh6 10. Nd6+ Kf8 11. Qd2 Bxf3 12. Bxh6+ Nxh6 13. Qxh6+ Ke7 14. Nb7 Qc7 15. Nc5 Bd5 16. Qh4+ Ke8 17. Qf6 Rf8 18. Qg7 Nd7 19. Nxd7 Qxd7 20. 0-0 Ke7 21. Rfe1 Qd6 22. Bxd5 cxd5 23. Re5 Rae8 24. Rae1 Kd8 25. Qf6+ Qe7 26. Rxd5+ exd5 27. Rxe7 Rxe7 28. Qd6+ Ke8 29. Kf1 Rd7 30. Qe5+ Kd8 31. Qb8+ Ke7 32. Qxb5 Rc8 33. c3 Rcd8 34. Qc5+ Kf6 35. Ke2 Kg7 36. Kd3 h5 37. b3 a6 38. c4 Rd6 39. Kc3 R8d7 40. Qa5 h4 41. c5 Rf6 42. f4 Re7 43. Qd8 Re3+ 44. Kb4 Rxf4 45. Qxd5 Ree4 46. Kc4 Re2 47. c6 Rf5 48. Qd7 Rxg2 49. c7 Rxh2 50. c8Q Rc2+ 51. Kd3 Rxc8 52. Qxc8 h3 53. Qb8 Rf2 54. Qe5+ Kg8 55. Qg3 h2 56. Qh3 Rxa2 57. d5 Rb2 58. Kc3 Re2 59. Kd4 Rd2+ 60. Kc5 Rc2+ 61. Kb6 f5 62. d6 Kf7 63. Qh7+ Ke6 64. Qe7+ 1-0